Garantismo y salud mental en la institución carcelaria /
Siendo que en materia de Derechos Humanos debe existir absoluta coherencia entre el discurso formal y su expresión fáctica, se hace imprescindible delimitar algunos bloqueadores que, en el medio carcelario, conspiran contra la adecuada protección del Derecho a la Salud Mental. Estos limitadores tien...
Guardado en:
| Hovedforfatter: | |
|---|---|
| Format: | Texto |
| Fag: | |
| Tags: |
Tilføj Tag
Ingen Tags, Vær først til at tagge denne postø!
|
MARC
| LEADER | 00000 a a2200000 04500 | ||
|---|---|---|---|
| 001 | 2446 | ||
| 003 | |||
| 040 | |||
| 100 | |a Lucart Sierralta, Nathalie | ||
| 245 | |a Garantismo y salud mental en la institución carcelaria / |c Nathalie Lucart Sierralta | ||
| 520 | |a Siendo que en materia de Derechos Humanos debe existir absoluta coherencia entre el discurso formal y su expresión fáctica, se hace imprescindible delimitar algunos bloqueadores que, en el medio carcelario, conspiran contra la adecuada protección del Derecho a la Salud Mental. Estos limitadores tienen su razón de ser tanto en la poca claridad en la limitción del bien jurídico tutelado en los textos normativos, como en el carácter anónimo y psiquitrógeno que rige la vida en reclusión. Se requiere resaltar el hecho de que la cárcel, por su propia naturaleza es de por sí negadora por acción u omisión del mencionado derecho | ||
| 650 | |a PRISIONES | ||
| 650 | |a SALUD MENTAL | ||
| 650 | |a DERECHOS HUMANOS | ||
| 650 | |a ENFERMEDADES MENTALES | ||
| 773 | |g volumen 30, número 2; páginas 137-146 | ||
| 999 | |c 34118 |d 34118 | ||
